[Event "Sparkassen-Open B"]
[Site "Heusenstamm, Martinsee"]
[Date "2017.11.26"]
[Round "7.40"]
[White "Klein, Simon"]
[Black "Mook, Karl-Jürgen"]
[Result "1-0"]
[WhiteElo "1302"]
[BlackElo "1529"]
[PlyCount "63"]
[EventDate "2017.??.??"]
[WhiteTeam "SK Hungen"]
[BlackTeam "SC Sulzbach"]

1. e4 c5 2. d4 cxd4 3. Nf3 Nf6 4. e5 Nd5 5. Qxd4 e6 6. a3 Nc6 7. Qg4 Nce7 8.
Bg5 Qa5+ 9. Nbd2 Ng6 10. Bd3 Nde7 11. b4 Qc7 12. Nc4 Nd5 13. O-O b5 14. Ncd2
Nxe5 15. Nxe5 Qxe5 16. Bxb5 Nc3 17. Bd3 Bb7 18. Nf3 Qd5 19. Rfe1 Bd6 20. Bd2
Nb5 21. Be4 Qc4 22. Qxg7 O-O-O 23. Bxb7+ Kxb7 24. Qb2 Rhg8 25. a4 Qd5 26. Re3
Bxh2+ 27. Kxh2 Qh5+ 28. Kg1 Qh3 29. Ne1 Qg4 30. axb5 Qf4 31. Rxa7+ Kxa7 32.
Ra3+ 1-0

[Event "Sparkassen-Open B"]
[Site "Heusenstamm, Martinsee"]
[Date "2017.11.26"]
[Round "7.41"]
[White "Ummen, Jonathan"]
[Black "Krieger, Roy"]
[Result "1-0"]
[WhiteElo "1520"]
[BlackElo "1293"]
[PlyCount "83"]
[EventDate "2017.??.??"]
[WhiteTeam "vereinslos"]
[BlackTeam "Muldental Wilkau-Haßlau"]

1. Nf3 d5 2. c4 Nf6 3. Nc3 e6 4. d4 Be7 5. e3 O-O 6. a3 c6 7. Be2 Nbd7 8. O-O
Re8 9. c5 Qc7 10. Re1 Nf8 11. b4 Ng6 12. Bb2 Ng4 13. h3 Nh6 14. Bd3 Nf5 15. a4
Nfh4 16. Qe2 Nxf3+ 17. Qxf3 e5 18. dxe5 Nxe5 19. Qg3 Bf6 20. e4 d4 21. Ne2 Qd8
22. Rad1 Be6 23. Bxd4 Bb3 24. Rd2 Bh4 25. Qe3 Bc4 26. Bxe5 Bxd3 27. Rxd3 Qe7
28. Bg3 Rad8 29. Rxd8 Rxd8 30. Bd6 Qe6 31. e5 Qc4 32. Qd4 Qe6 33. Qxh4 f6 34.
exf6 gxf6 35. Qg4+ Qxg4 36. hxg4 Kf7 37. Nf4 b6 38. Re7+ Kg8 39. Nh5 bxc5 40.
Nxf6+ Kf8 41. bxc5 a5 42. Rd7# 1-0

[Event "Sparkassen-Open B"]
[Site "Heusenstamm, Martinsee"]
[Date "2017.11.26"]
[Round "7.42"]
[White "Uphoff, Jürgen"]
[Black "Tobias, Christian"]
[Result "1-0"]
[WhiteElo "1625"]
[BlackElo "1457"]
[PlyCount "91"]
[EventDate "2017.??.??"]
[WhiteTeam "vereinslos"]
[BlackTeam "SV Oberursel"]

1. f4 d5 2. Nf3 Nc6 3. e3 Bf5 4. b3 e6 5. Bb2 Nf6 6. Nc3 Bd6 7. Ne2 Qe7 8. Ned4
Nxd4 9. Nxd4 Bg4 10. Be2 Bxe2 11. Qxe2 e5 12. Qb5+ Nd7 13. Nf5 Qf6 14. Nxd6+
cxd6 15. Qxb7 Qd8 16. fxe5 dxe5 17. O-O O-O 18. Qxd5 Qc7 19. c4 Rad8 20. Rf2
Nf6 21. Qxe5 Qxe5 22. Bxe5 Ng4 23. Bc3 Nxf2 24. Kxf2 Rfe8 25. d4 f5 26. d5 g6
27. Rd1 Kf7 28. b4 Rc8 29. c5 Ke7 30. a4 Kd7 31. Bd4 a6 32. b5 axb5 33. axb5
Ra8 34. b6 Ra5 35. Rb1 Kc8 36. d6 Kb7 37. Rc1 Kc6 38. Rb1 Rb5 39. Ra1 Re4 40.
Ra7 f4 41. Rc7+ Kd5 42. d7 fxe3+ 43. Bxe3 Rb2+ 44. Kf3 Rb3 45. d8=Q+ Ke5 46.
Qe8+ 1-0

[Event "Sparkassen-Open B"]
[Site "Heusenstamm, Martinsee"]
[Date "2017.11.26"]
[Round "7.43"]
[White "Friedel, Thomas"]
[Black "Ramien, Hannah"]
[Result "1-0"]
[WhiteElo "1582"]
[BlackElo "1369"]
[PlyCount "47"]
[EventDate "2017.??.??"]
[WhiteTeam "SV Groß-Gerau"]
[BlackTeam "SG Porz"]

1. e4 e5 2. Nf3 Nc6 3. Nc3 Nf6 4. d3 Bb4 5. Be2 O-O 6. O-O d6 7. Bg5 Bg4 8. Nd5
Kh8 9. Nh4 Be6 10. Nf5 Bxd5 11. exd5 Nd4 12. Nxd4 exd4 13. Bh5 Qd7 14. Bxf6
gxf6 15. Qf3 Qe7 16. a3 Bd2 17. Rad1 Bg5 18. Rfe1 Qd7 19. Bg4 Qb5 20. Bf5 Rg8
21. h4 Bh6 22. Be4 Bg7 23. Qf5 h6 24. Qh7# 1-0

[Event "Sparkassen-Open B"]
[Site "Heusenstamm, Martinsee"]
[Date "2017.11.26"]
[Round "7.44"]
[White "Wöhl, Torsten"]
[Black "Wiese, Frank"]
[Result "1/2-1/2"]
[WhiteElo "1559"]
[BlackElo "1338"]
[PlyCount "30"]
[EventDate "2017.??.??"]
[WhiteTeam "SC Groß-Zimmern"]
[BlackTeam "SF Frankfurt"]

1. d4 d5 2. Bf4 c5 3. e3 Nc6 4. c3 Qb6 5. Qd2 Nf6 6. Na3 a6 7. Nf3 cxd4 8. exd4
e6 9. Nb1 Be7 10. Ne5 Ne4 11. Qc2 Bd6 12. Be3 Qc7 13. Nxc6 bxc6 14. Nd2 Nf6 15.
Be2 Bd7 1/2-1/2

[Event "Sparkassen-Open B"]
[Site "Heusenstamm, Martinsee"]
[Date "2017.11.26"]
[Round "7.45"]
[White "Englert, Lin"]
[Black "Memmeler, Björn"]
[Result "1-0"]
[WhiteElo "1227"]
[BlackElo "1556"]
[PlyCount "99"]
[EventDate "2017.??.??"]
[WhiteTeam "TV-Großostheim"]
[BlackTeam "SF Mainz"]

1. e4 c5 2. Nf3 Nf6 3. Nc3 d6 4. d4 cxd4 5. Nxd4 a6 6. Be2 g6 7. O-O Nc6 8. Be3
Bg7 9. Qd2 O-O 10. Rfd1 Ng4 11. Bxg4 Bxg4 12. Re1 Rc8 13. h3 Bd7 14. a3 Ne5 15.
b3 Re8 16. Nd5 e6 17. Nb4 Nc6 18. Nbxc6 Qc7 19. Nb4 a5 20. Nd3 Bxd4 21. Bxd4
Qxc2 22. Qxc2 Rxc2 23. Rec1 Rc6 24. Rxc6 Bxc6 25. f3 Bb5 26. Nf2 a4 27. b4 h5
28. Rc1 Bc6 29. Nd3 Rc8 30. b5 Bd7 31. Rxc8+ Bxc8 32. Nb2 Bd7 33. b6 Bb5 34.
Kf2 Kf8 35. h4 Ke7 36. g4 hxg4 37. fxg4 e5 38. Be3 Kf8 39. Kg3 f6 40. Nd1 Bc6
41. Nc3 Kf7 42. g5 fxg5 43. Bxg5 Ke6 44. Kg4 Kf7 45. Bd8 Bd7+ 46. Kg5 Be8 47.
Bc7 Ke6 48. Nd5 Bf7 49. Bb8 Be8 50. Nc7+ 1-0

[Event "Sparkassen-Open B"]
[Site "Heusenstamm, Martinsee"]
[Date "2017.11.26"]
[Round "7.46"]
[White "Kirchner, Stefan"]
[Black "Weyerer, Noah"]
[Result "1-0"]
[WhiteElo "1546"]
[BlackElo "1154"]
[PlyCount "59"]
[EventDate "2017.??.??"]
[WhiteTeam "SF Schöneck"]
[BlackTeam "SV Oberursel"]

1. e4 e5 2. Nf3 Nc6 3. Bc4 Bc5 4. c3 Nf6 5. d4 exd4 6. e5 Ng8 7. Ng5 Nh6 8.
cxd4 Bxd4 9. O-O Bxb2 10. Nxf7 Nxf7 11. Bxf7+ Kxf7 12. Qb3+ Ke8 13. Bxb2 Qe7
14. Qg3 Nb4 15. Na3 b6 16. Nb5 Kd8 17. a3 Nd5 18. Rfd1 c6 19. Nd6 Rg8 20. Rac1
Ba6 21. a4 Be2 22. Rd2 Bh5 23. Ba3 Qe6 24. Qg5+ Qe7 25. Nb7+ Kc7 26. Bxe7 Kxb7
27. Bd6 Bg6 28. Qg4 Rae8 29. Qxd7+ Ka8 30. Qxc6# 1-0

[Event "Sparkassen-Open B"]
[Site "Heusenstamm, Martinsee"]
[Date "2017.11.26"]
[Round "7.47"]
[White "Sitta, Stefan"]
[Black "Boder, Jörg"]
[Result "1-0"]
[WhiteElo "1502"]
[BlackElo "1139"]
[PlyCount "57"]
[EventDate "2017.??.??"]
[WhiteTeam "Sfr. Stiller Zug"]
[BlackTeam "SG Mörsdorf-Lahr"]

1. d4 Nf6 2. Bf4 g6 3. Nf3 Nc6 4. c4 d5 5. Nc3 Bg7 6. e3 Bg4 7. h3 Bxf3 8. Qxf3
e6 9. a3 a5 10. Bd3 Ne7 11. g4 c6 12. Qe2 dxc4 13. Bxc4 b5 14. Bd3 Ned5 15. Bh2
Nxc3 16. bxc3 Qd5 17. e4 Qb3 18. Qd2 Bh6 19. f4 e5 20. g5 Bg7 21. gxf6 Bxf6 22.
fxe5 Bh4+ 23. Ke2 Qe6 24. Bf4 O-O 25. Raf1 a4 26. Bb1 Be7 27. Ba2 Qd7 28. Bh6
Rfe8 29. Rxf7 1-0

[Event "Sparkassen-Open B"]
[Site "Heusenstamm, Martinsee"]
[Date "2017.11.26"]
[Round "7.48"]
[White "Jung, Kenny"]
[Black "Löhr, Frederic"]
[Result "1-0"]
[WhiteElo "1465"]
[BlackElo "1127"]
[PlyCount "113"]
[EventDate "2017.??.??"]
[WhiteTeam "SF Schöneck"]
[BlackTeam "SF Ötzingen"]

1. e4 e5 2. Nf3 Nc6 3. Bb5 d6 4. Bxc6+ bxc6 5. d3 Nf6 6. Nc3 Be7 7. Bd2 Be6 8.
b3 O-O 9. Qe2 Re8 10. O-O-O Rb8 11. Rdg1 Bd7 12. Nd1 d5 13. c4 d4 14. h3 Ba3+
15. Kc2 Rb6 16. g4 Ra6 17. g5 Nh5 18. Nxe5 g6 19. Nxd7 Qxd7 20. f3 Qe7 21. Nf2
Bb4 22. Kb1 Bxd2 23. Qxd2 Rb8 24. Rc1 Qa3 25. Rc2 Qe7 26. Ng4 Rbb6 27. Rf1 Qb4
28. Qxb4 Rxb4 29. f4 f5 30. gxf6 c5 31. f5 Nxf6 32. fxg6 Nxg4 33. gxh7+ Kxh7
34. hxg4 Rbb6 35. Rf7+ Kh6 36. Rxc7 Rg6 37. Rh2+ Kg5 38. Rxc5+ Kxg4 39. Rd5 Kg3
40. Rc2 Rad6 41. Rxd6 Rxd6 42. b4 Rb6 43. b5 a6 44. a4 Kf3 45. Rb2 axb5 46.
axb5 Ke3 47. Rb3 Kd2 48. Kb2 Rg6 49. b6 Rg2 50. b7 Ke3+ 51. Ka3 Rg8 52. c5 Rb8
53. c6 Kd2 54. c7 Rxb7 55. c8=Q Rxb3+ 56. Kxb3 Kxd3 57. e5 1-0

[Event "Sparkassen-Open B"]
[Site "Heusenstamm, Martinsee"]
[Date "2017.11.26"]
[Round "7.49"]
[White "Rupp, Arnim"]
[Black "von Beckh, Frieda"]
[Result "1-0"]
[WhiteElo "1636"]
[BlackElo "1288"]
[PlyCount "89"]
[EventDate "2017.??.??"]
[WhiteTeam "SC Eschborn"]
[BlackTeam "SC Eschborn"]

1. d4 d5 2. Bf4 Bf5 3. Nf3 Nf6 4. e3 e6 5. h3 h6 6. Nbd2 Nbd7 7. c4 c6 8. c5 b6
9. b4 a5 10. a3 Be7 11. Be2 Ra7 12. O-O O-O 13. Re1 Qc8 14. Qb3 Qa8 15. Qb2 Qb7
16. Rec1 bxc5 17. dxc5 Nxc5 18. Ne5 Ncd7 19. Nxc6 Nb6 20. Nxa7 Qxa7 21. Rc7 Qa8
22. Rxe7 Ne8 23. bxa5 Qxa5 24. Rb7 Na4 25. Qb4 Qxb4 26. axb4 Nc3 27. Bb5 Nf6
28. Be5 Kh8 29. Raa7 Nxb5 30. Rxb5 Bg6 31. Bxf6 gxf6 32. Rba5 Kg7 33. Ra8 Rxa8
34. Rxa8 Bd3 35. Ra2 Kf8 36. Rb2 Ke7 37. b5 Kd7 38. b6 Kc8 39. Nb3 Kb8 40. Nc5
Bc4 41. b7 f5 42. Nd7+ Kc7 43. b8=Q+ Kc6 44. Ne5+ Kc5 45. Qb6# 1-0

[Event "Sparkassen-Open B"]
[Site "Heusenstamm, Martinsee"]
[Date "2017.11.26"]
[Round "7.50"]
[White "Bloß, Silvia"]
[Black "Moldenhauer, Lennart"]
[Result "0-1"]
[WhiteElo "1390"]
[BlackElo "1502"]
[PlyCount "124"]
[EventDate "2017.??.??"]
[WhiteTeam "Muldental Wilkau-Haßlau"]
[BlackTeam "SV Oberursel"]

1. d4 c6 2. Nf3 d5 3. Bf4 Nf6 4. h3 e6 5. e3 Bd6 6. Ne5 O-O 7. Nd2 c5 8. b3 Nc6
9. c3 Qc7 10. Ndf3 Nd7 11. Bd3 Ndxe5 12. Bxh7+ Kxh7 13. Ng5+ Kg8 14. Qh5 Re8
15. Qh7+ Kf8 16. dxc5 Bxc5 17. Qh8+ Ke7 18. Qxg7 Nd3+ 19. Kd2 Nxf4 20. Qxf7+
Kd8 21. Qf6+ Kd7 22. exf4 Qd8 23. Qxd8+ Kxd8 24. Rae1 Bxf2 25. Re2 Bg3 26. Rf1
b6 27. Nf7+ Kc7 28. f5 Ba6 29. Rf3 Bxe2 30. Rxg3 exf5 31. Rg7 Re7 32. Rh7 Rf8
33. Ng5 Rxh7 34. Ne6+ Kd6 35. Nxf8 Re7 36. Ng6 Re8 37. Nf4 Bf1 38. g3 Rg8 39.
Ke1 Bxh3 40. Nxh3 Rxg3 41. Nf2 Rxc3 42. Nd1 Rh3 43. Nf2 Rh2 44. Kf1 Kc5 45. Kg1
Rxf2 46. Kxf2 Kb4 47. Ke3 Ka3 48. Kf4 Ne7 49. Ke5 Kxa2 50. b4 Kb3 51. b5 Kb4
52. Kd6 f4 53. Kxe7 f3 54. Kd6 f2 55. Kxd5 f1=Q 56. Kc6 Qxb5+ 57. Kb7 Qd7+ 58.
Ka6 Qc8+ 59. Kxa7 b5 60. Kb6 Qc5+ 61. Kb7 Ka5 62. Ka8 Qe7 0-1

[Event "Sparkassen-Open B"]
[Site "Heusenstamm, Martinsee"]
[Date "2017.11.26"]
[Round "7.51"]
[White "Peschk, Kathrin"]
[Black "Tiggemann, Felix"]
[Result "1/2-1/2"]
[WhiteElo "1345"]
[BlackElo "1453"]
[PlyCount "88"]
[EventDate "2017.??.??"]
[WhiteTeam "SV Groß-Gerau"]
[BlackTeam "SF Schöneck"]

1. e4 e6 2. f4 d5 3. exd5 exd5 4. Nf3 Bd6 5. d4 Bf5 6. Nc3 c6 7. Bd3 Ne7 8. O-O
Bxd3 9. Qxd3 Nd7 10. Be3 Qc7 11. Qd2 Nf6 12. Ne5 Ng6 13. Rae1 O-O-O 14. Ne2
Rhf8 15. Ng3 Ng8 16. c4 dxc4 17. Nxc4 Be7 18. Nf5 Bf6 19. Ncd6+ Rxd6 20. Nxd6+
Qxd6 21. Rc1 Rd8 22. Rcd1 Nh6 23. f5 Ne7 24. Bxh6 gxh6 25. Kh1 Qxd4 26. Qe2
Qxb2 27. Rxd8+ Kxd8 28. Qh5 Ke8 29. Qxh6 c5 30. Qf4 Qe5 31. Qa4+ Nc6 32. Qd1
Be7 33. f6 Qd6 34. fxe7 Qxd1 35. Rxd1 c4 36. a4 a6 37. Kg1 Kxe7 38. Kf2 b5 39.
axb5 axb5 40. Rd5 Na7 41. Rc5 Kd6 42. Rf5 Ke6 43. Rf4 Nc6 44. Ke3 f6 1/2-1/2

[Event "Sparkassen-Open B"]
[Site "Heusenstamm, Martinsee"]
[Date "2017.11.26"]
[Round "7.52"]
[White "Herdt, Werner"]
[Black "Häfner, Günther"]
[Result "1/2-1/2"]
[WhiteElo "1425"]
[BlackElo "1238"]
[PlyCount "96"]
[EventDate "2017.??.??"]
[WhiteTeam "SF Heusenstamm"]
[BlackTeam "Berkershm"]

1. d4 d5 2. c4 e6 3. Nc3 Nf6 4. Nf3 Be7 5. e3 Nbd7 6. Bd3 c6 7. O-O O-O 8. a3
dxc4 9. Bxc4 Nd5 10. Nxd5 cxd5 11. Bd3 Nf6 12. Qc2 Ne4 13. Bxe4 dxe4 14. Qxe4
Rb8 15. b4 b6 16. Qc2 Bb7 17. Qe2 Qd5 18. Bb2 Bf6 19. Rfe1 Rfe8 20. e4 Qc6 21.
Rac1 Qd7 22. Rc2 Rbc8 23. Rec1 Rxc2 24. Rxc2 Rc8 25. Qd3 Rxc2 26. Qxc2 Qc6 27.
Qxc6 Bxc6 28. e5 Be7 29. Nd2 b5 30. f3 f6 31. Kf2 f5 32. f4 g5 33. fxg5 Bxg5
34. Nb3 Bh4+ 35. g3 Bg5 36. Bc1 Be7 37. Nc5 Bxc5 38. dxc5 h5 39. Ke3 Kf7 40.
Kf4 Kg6 41. Ke3 a6 42. Kf4 Be4 43. h3 Bd5 44. g4 hxg4 45. hxg4 fxg4 46. Kxg4
Be4 47. Be3 Bd5 48. Kf4 Bc6 1/2-1/2

[Event "Sparkassen-Open B"]
[Site "Heusenstamm, Martinsee"]
[Date "2017.11.26"]
[Round "7.53"]
[White "Papadopoulos, Leon"]
[Black "Gräf, Jakob"]
[Result "1-0"]
[WhiteElo "1085"]
[BlackElo "1476"]
[PlyCount "69"]
[EventDate "2017.??.??"]
[WhiteTeam "SV Oberursel"]
[BlackTeam "SV Frankfurt Nord"]

1. e4 c6 2. d4 d5 3. exd5 cxd5 4. Nc3 Nf6 5. Bd3 e6 6. Bf4 Bd6 7. Nge2 O-O 8.
Nb5 Bxf4 9. Nxf4 Bd7 10. Nc3 Nc6 11. Be2 Qb6 12. O-O Qxb2 13. Qd2 Qb4 14. Rad1
Rfc8 15. Nh5 Nxh5 16. Bxh5 g6 17. Bf3 Nxd4 18. Qxd4 Qxc3 19. Qxc3 Rxc3 20. Rc1
Rac8 21. Bd1 Ba4 22. Re1 Bxc2 23. Rxc2 Rxc2 24. Bxc2 Rxc2 25. h3 Rxa2 26. Rb1
b6 27. Rc1 b5 28. Kh2 a5 29. f4 b4 30. h4 a4 31. Kh3 b3 32. f5 gxf5 33. h5 a3
34. h6 Rb2 35. Rc8# 1-0

[Event "Sparkassen-Open B"]
[Site "Heusenstamm, Martinsee"]
[Date "2017.11.26"]
[Round "7.54"]
[White "Lochmann, Tobias"]
[Black "Schmitz, Bernhard Hubert"]
[Result "0-1"]
[WhiteElo "1251"]
[BlackElo "1420"]
[PlyCount "54"]
[EventDate "2017.??.??"]
[WhiteTeam "SV Groß-Gerau"]
[BlackTeam "Vorw.Orient Mainz"]

1. c4 c5 2. e4 d6 3. Nc3 Nf6 4. Nf3 b6 5. d3 g6 6. Be2 Bg7 7. O-O O-O 8. Bf4
Nc6 9. Nd5 Ne8 10. Qc1 e6 11. Ne3 Bb7 12. Bg5 Qd7 13. Bh4 Nc7 14. Bg3 f6 15.
Ng4 Rad8 16. Bf4 e5 17. Bh6 Qxg4 18. Bxg7 Kxg7 19. h3 Qd7 20. g4 f5 21. gxf5
Rf6 22. Nh4 Rg8 23. fxg6 Qxh3 24. Nf3 Rxg6+ 25. Ng5 Ne6 26. Bh5 Rxg5+ 27. Qxg5+
Nxg5 0-1

[Event "Sparkassen-Open B"]
[Site "Heusenstamm, Martinsee"]
[Date "2017.11.26"]
[Round "7.55"]
[White "Gräf, Roman Konrad"]
[Black "Gräf, Britta"]
[Result "1-0"]
[WhiteElo "1191"]
[BlackElo "950"]
[PlyCount "83"]
[EventDate "2017.??.??"]
[WhiteTeam "SV Frankfurt Nord"]
[BlackTeam "SV Frankfurt Nord"]

1. d4 g6 2. Bf4 Nf6 3. Nf3 d6 4. e3 Bg7 5. Nbd2 Nc6 6. Bb5 a6 7. Ba4 b5 8. Bb3
O-O 9. e4 Nxd4 10. Nxd4 e5 11. Nc6 Qe8 12. Nxe5 dxe5 13. Bg5 Bg4 14. f3 Bd7 15.
Bxf6 Bxf6 16. Bd5 Rc8 17. Bb7 Rd8 18. Bxa6 b4 19. Nb3 Be6 20. Nc5 Rxd1+ 21.
Rxd1 Bxa2 22. Nd7 Qe7 23. Nxf8 Qxf8 24. b3 Be7 25. Ra1 c5 26. Rxa2 Qa8 27. O-O
Kg7 28. Rfa1 Qh8 29. Bb7 h5 30. g3 g5 31. Ra6 f6 32. Ra7 Qf8 33. Ra8 Qf7 34.
Bd5 Qg6 35. R8a7 Kh6 36. Rxe7 g4 37. fxg4 hxg4 38. Raa7 Kg5 39. Rg7 Qxg7 40.
Rxg7+ Kh6 41. Rxg4 Kh5 42. h3 1-0